000 00711nac a22001811u 4500
008 101007t xxu||||| |||| 00| 0 eng d
020 _a8185749175
082 _a670.42
_bKUM
100 _aKumar Pravin.
_920137
245 _aFundamentals of Design and Manufacturing/
_cPravin kumar ,M.Ramaswamy.
260 _aDelhi:2003.
_bS.K.Kataria and Sons,
_cc.2006.
300 _a365p.:
_bill,
_c;25cm.
504 _aIncludes Index.
651 _aEngineering design.
_920138
700 _aRmaswamy ,M.
_920139
942 _cBB
_k670.42 KUM
_2ddc
999 _c2848
_d2848